Szczegóły MARC21

Zarządzanie personelem /

005 -DATA I CZAS OSTATNIEJ MODYFIKACJI [,]
    • @
    • pole kontrolne
    • 20070315155141.9
020 -Międzynarod. znormalizowany nr książki - ISBN [ , ]
    • a
    • Numer ISBN
    • 8320811937 Find
040 -Instytucja sporządzająca opis [ , ]
    • a
    • Instytucja, która sporządziła opis (NP)
    • SZCZ U
    • c
    • Instytucja, która sporządziła rekord (NP)
    • SZCZ U
041 -Język dokumentu [0, ]
    • a
    • Język tekstu (P)
    • polski
    • h
    • Język tekstu oryginalnego i/lub pośredniego (P)
    • polski
942 -Rodzaj dokumentu [ , ]
    • c
    • Rodzaj dokumentu
    • Książka
100 -Hasło główne - nazwa osobowa [ , ]
    • a
    • Nazwa osobowa (NP)
    • KOSTERA, MONIKA
245 -Strefa tytułu i oznaczenia odpowiedzialności [1, ]
    • a
    • Tytuł
    • Zarządzanie personelem / Find
    • c
    • Pozostałe elementy strefy tytułu i oznaczenia odpowiedzialności (NP)
    • Monika Kostera.
260 -Strefa adresu wydawniczego [ , ]
    • a
    • Miejsce wydania (P)
    • Warszawa :
    • b
    • Nazwa wydawcy (P)
    • Polskie Wydaw.Ekonomiczne,
    • c
    • Data wydania (P)
    • 1999.
300 -Strefa opisu fizycznego [ , ]
    • a
    • Określenie formy książki i/lub objętość (NP)
    • 139 s. :
    • b
    • Oznaczenie ilustracji (NP)
    • wykr. :
    • c
    • Format (NP)
    • 21 cm.
080 -Uniwersalna Klasyfikacja Dziesiętna [ , ]
    • a
    • Symbol klasyfikacji
    • 65.012.4
080 -Uniwersalna Klasyfikacja Dziesiętna [ , ]
    • a
    • Symbol klasyfikacji
    • :658.3
980 -Symbol UKD [ , ]
    • a
    • UKD
    • 65.012.4:658.3
920 -ISBN [ , ]
    • a
    • ISBN
    • 83-208-1193-7 Find
Data inwentaryzacji Lokalizacja Status udost. Numer inwentarzowy Sygnatura
1999-09-03BE-6S.84148 
1999-09-03BE-6S.84149 
1999-09-03BE2S.84150 
1999-09-28BE2S.84285 
2000-02-23BE-6S.85289 
2000-02-23BE-6S.85290 
2001-06-13BE-6S.88000 
2005-02-24BE-6S.91633 
1999-09-03T2T.815 
1999-09-03T-3T.816T.816
1999-09-03T-3T.817T.817
1999-09-03T-6T.818T.818
1999-09-03T-6T.819T.819
1999-09-03T-6T.820T.820
1999-09-03T-6T.821T.821
1999-09-03T-6T.822T.822
1999-09-03T-6T.823T.823
1999-09-28T-6T.975T.975